[Event "Sygnity Ekstraliga 2016"]
[Site "Gorzow Wlkp. - Wroclaw - Katowice"]
[Date "1899-12-30"]
[Round "9.29"]
[White "Kanarek, Marcel"]
[Black "Reza, Wojciech"]
[Result "1/2-1/2"]
[WhiteTitle "IM"]
[BlackTitle "k++"]
[WhiteElo "2535"]
[BlackElo "2266"]

1. e4 e5 2. Nf3 Nc6 3. Bb5 a6 4. Ba4 Nf6 5. O-O Be7 6. Re1 b5 7. Bb3 d6 8. c3 O-O
9. h3 Na5 10. Bc2 c5 11. d4 Nd7 12. Nbd2 exd4 13. cxd4 Nc6 14. d5 Nce5 15. a4
Rb8 16. Nxe5 Nxe5 17. f4 Ng6 18. Nf3 Bh4 19. Nxh4 Qxh4 20. f5 Ne5 21. Rf1 bxa4
22. Ra3 Re8 23. Rf4 Qf6 24. Rg3 h6 25. Bxa4 Rd8 26. Qh5 Kf8 27. b3 Bd7 28. Bxd7
Rxd7 29. Rf1 Rdb7 30. h4 Ke8 31. Bb2 Rxb3 32. Rxb3 Rxb3 33. Ba1 Rb4 34. Qe2 Rb6
35. g3 Qe7 36. f6 gxf6 37. Kg2 Nd7 38. Rf4 Kd8 39. Bc3 Kc8 40. Qg4 Kb7 41. Qf5
c4 42. Bxf6 Nxf6 1/2-1/2

[Event "Sygnity Ekstraliga 2016"]
[Site "Gorzow Wlkp. - Wroclaw - Katowice"]
[Date "1899-12-30"]
[Round "9.30"]
[White "Warakomska, Anna"]
[Black "Zawadzka, Beata"]
[Result "1/2-1/2"]
[WhiteTitle "WIM"]
[BlackTitle "WGM"]
[WhiteElo "2300"]
[BlackElo "2320"]

1. e4 c5 2. Nf3 Nc6 3. Bb5 g6 4. Bxc6 dxc6 5. d3 Bg7 6. h3 b6 7. O-O Nh6 8. a4
a5 9. Na3 O-O 10. Be3 f5 11. Qc1 Nf7 12. exf5 gxf5 13. Ng5 e5 14. Nxf7 Rxf7 15.
f4 Be6 16. fxe5 Bxe5 17. Nc4 Bf6 18. Kh1 Rg7 19. Bf4 Raa7 20. Ne3 Rg6 21. Rb1
Rag7 22. Qe1 Bd4 23. c4 Qf6 24. g3 Rxg3 25. Bxg3 Qh6 26. Ng4 Rxg4 27. Bh2 Rg6
28. Rf3 Qh5 29. Qf1 f4 30. Rxf4 Qxh3 31. Rf8+ Kg7 32. Rf7+ Kg8 33. Rf8+ Kg7 34.
Rf7+ Kg8 35. Rf8+ 1/2-1/2